| 000 | 00679nam a2200217 i 4500 | ||
|---|---|---|---|
| 001 | 60168 | ||
| 003 | ES-MaACL | ||
| 005 | 20230906164152.0 | ||
| 007 | t| | ||
| 008 | 031103m19701972sp ||||1| spa d | ||
| 080 | _a621.87 | ||
| 100 | 1 |
_aErnst, Hellmut. _947417 |
|
| 245 | 1 | 0 |
_aAparatos de elevación y transporte / _cHellmut Ernst ; [traducción de Julio Pinto]. |
| 250 | _a1ª ed. | ||
| 260 |
_aBarcelona : _bBlume, _c1970-1972. |
||
| 300 |
_a2 v. : _bil. ; _c28 cm. |
||
| 505 | 8 | _aContiene: 1. Principios y elementos constructivos - 3. Ejecuciones especiales | |
| 650 | 4 |
_aMáquinas elevadoras. _9174627 |
|
| 700 | 1 |
_aPinto, Julio. _992222 |
|
| 852 | 4 |
_aES-MaACL _jP-1485 |
|
| 999 |
_c60168 _d60168 |
||